| Tag |
First Indicator |
Second Indicator |
Subfields |
| LEADER |
00000cam a2200000La 4500 |
| 001 |
in00001745545 |
| 005 |
20220105122445.0 |
| 006 |
m u |
| 007 |
cr cn- |
| 008 |
010212s1998 cau sb 000 0 eng d |
| 010 |
|
|
|z 97044692
|
| 020 |
|
|
|a 1573246174 (electronic bk.) :
|c $15.95
|
| 020 |
|
|
|z 1573241180 (pbk.)
|
| 035 |
|
|
|a (OCoLC)ocm47011099
|
| 035 |
|
|
|a 48261
|b (N$T)
|
| 040 |
|
|
|a N$T
|c N$T
|d OCL
|d UtOrBLW
|
| 049 |
|
|
|a IKMN
|
| 050 |
1 |
4 |
|a BL624
|b .S754 1998eb
|
| 082 |
0 |
4 |
|a 177/.7
|2 21
|
| 245 |
0 |
0 |
|a Stone soup for the world :
|b life-changing stories of kindness & courageous acts of service /
|c collected by Marianne Larned ; foreword by Jack Canfield.
|
| 264 |
|
1 |
|a Berkeley, Calif. :
|b Conari Press,
|c [1998]
|
| 264 |
|
4 |
|c ©1998
|
| 300 |
|
|
|a xxv, 436 pages ;
|c 18 cm.
|
| 336 |
|
|
|a text
|b txt
|2 rdacontent
|
| 337 |
|
|
|a computer
|b c
|2 rdamedia
|
| 338 |
|
|
|a online resource
|b cr
|2 rdacarrier
|
| 504 |
|
|
|a Includes bibliographical references (pages 409-410).
|
| 533 |
|
|
|a Electronic reproduction.
|b Boulder, Colo. :
|c NetLibrary,
|d 2001.
|n Available via World Wide Web.
|n Access may be limited to NetLibrary affiliated libraries.
|
| 500 |
|
|
|a Electronic resource.
|
| 650 |
|
0 |
|a Spiritual life.
|0 http://id.loc.gov/authorities/subjects/sh85126758
|
| 650 |
|
0 |
|a Social action.
|0 http://id.loc.gov/authorities/subjects/sh85123907
|
| 655 |
|
7 |
|a Electronic books.
|2 local
|
| 700 |
1 |
|
|a Larned, Marianne.
|0 http://id.loc.gov/authorities/names/n97105513
|
| 710 |
2 |
|
|a NetLibrary, Inc.
|0 http://id.loc.gov/authorities/names/no99080690
|
| 776 |
0 |
|
|c Original
|w (DLC) 97044692
|w (OCoLC)37836431
|
| 856 |
4 |
1 |
|u https://proxy.library.tamu.edu/login?url=http://www.netLibrary.com/urlapi.asp?action=summary&v=1&bookid=48261
|z Connect to the full text of this electronic book
|t 0
|
| 994 |
|
|
|a 92
|b IKM
|
| 999 |
|
|
|a MARS
|
| 999 |
f |
f |
|s cf7fcb91-0369-3f7c-81d5-cd8e4e2b994d
|i ab5b4d83-122d-3290-9b14-2948f045dec0
|t 0
|
| 952 |
f |
f |
|a Texas A&M University
|b College Station
|c Electronic Resources
|d Available Online
|t 0
|e BL624 .S754 1998eb
|h Library of Congress classification
|
| 998 |
f |
f |
|a BL624 .S754 1998eb
|t 0
|l Available Online
|